01925nam a2200361 a 4500001001000000003000900010005001700019008004000036020001500076040003000091082002700121100000600148245005200154260004900206300004600255504000600301505000600307590002600313650003900339650003600378710002500414910003900439942001200478952013200490952013200622952013200754952013200886952013201018952013201150952013201282952013201414999001701546000027061DO-SdBPM20250226085952.0110329s1997 mx a 000 j spa d a9706111980 aDO-SdBPMbspacBPMSUerda4 a420.03bV872b 19982221 a 10a Vocabulario bilingüe /cWalt Disney Company  aMéxico : bHachette Latinoamérica,c1998 a8 volúmenes :bilustraciones ; c26 cm. a  a  aInventariado, 2025/VM 4aInglésxVocabularioxEnseñanza 4a Libros ilustrados para niños2 aWalt Disney Company  aValidado. Control de calidad BPMSU cBK2ddc 00102ddc40708CI-GaBPMETbBPMETd2025-02-26l0oBPMSU CGI 420.03 V872b 1998pBPMSU25020054r2025-02-26tv.1w2025-02-26yBK 00102ddc40708CI-GaBPMETbBPMETd2025-02-26l0oBPMSU CGI 420.03 V872b 1998pBPMSU25020055r2025-02-26tv.2w2025-02-26yBK 00102ddc40708CI-GaBPMETbBPMETd2025-02-26l0oBPMSU CGI 420.03 V872b 1998pBPMSU25020056r2025-02-26tv.3w2025-02-26yBK 00102ddc40708CI-GaBPMETbBPMETd2025-02-26l0oBPMSU CGI 420.03 V872b 1998pBPMSU25020057r2025-02-26tv.4w2025-02-26yBK 00102ddc40708CI-GaBPMETbBPMETd2025-02-26l0oBPMSU CGI 420.03 V872b 1998pBPMSU25020058r2025-02-26tv.5w2025-02-26yBK 00102ddc40708CI-GaBPMETbBPMETd2025-02-26l0oBPMSU CGI 420.03 V872b 1998pBPMSU25020059r2025-02-26tv.6w2025-02-26yBK 00102ddc40708CI-GaBPMETbBPMETd2025-02-26l0oBPMSU CGI 420.03 V872b 1998pBPMSU25020060r2025-02-26tv.7w2025-02-26yBK 00102ddc40708CI-GaBPMETbBPMETd2025-02-26l0oBPMSU CGI 420.03 V872b 1998pBPMSU25020061r2025-02-26tv.8w2025-02-26yBK c14960d14960